Business management and systems analysis

Αποθηκεύτηκε σε:
Λεπτομέρειες βιβλιογραφικής εγγραφής
Κύριος συγγραφέας: Moynihan, Eddie
Μορφή: Βιβλίο
Γλώσσα:English
Δημοσίευση: Henley-on-Thames, Oxferdshire : Alfred Waller Limited, 1994, c1993.
Έκδοση:1st ed., Repr.
Σειρά:Information systems series (Henley on Thames, England)
Θέματα:
Ετικέτες: Προσθήκη ετικέτας
Δεν υπάρχουν, Καταχωρήστε ετικέτα πρώτοι!

MARC

LEADER 00000cam a2200000 i 4500
001 1/1548
008 000919t19941993enk| ||| |||| ||eng||
020 |a 1872474055 
035 |l 10060058 
040 |a GR-MyUa  |b gre  |e AACR2 
041 0 |a eng 
082 7 |a 658.4038   |2 (22) 
100 1 |a Moynihan, Eddie. 
245 1 0 |a Business management and systems analysis /   |c Eddie Moynihan. 
250 |a 1st ed., Repr. 
260 |a Henley-on-Thames, Oxferdshire :   |b Alfred Waller Limited,   |c 1994, c1993. 
300 |a xxvi, 500 σ. :   |b εικ. ;   |c 24 εκ. 
490 1 |a (Information systems series / Henley on Thames, England) 
504 |a Περιλαμβάνει βιβλιογραφικές παραπομπές και ευρετήριο. 
650 0 0 |a Industrial management  |x Data processing. 
650 0 0 |a Information technology. 
650 0 0 |a System analysis. 
830 0 |a Information systems series (Henley on Thames, England) 
852 |a INST  |b SAMOS  |e 20000919  |h 658.4038 MOY  |p 005300017623  |q 005300017623  |t BK  |y 0 
901 |a BIBL3-2000-3 
922 |a 3ΕΛΗ  |b 200003  |c ΚΠΣ  |d ΠΑΠΑΣΩΤΗΡΙΟΥ 
950 |a 116-2000-01-12 
970 |a ΚΟΣΙΕΡΗΣ  |b ΧΡΗΣΤΟΣ  |z 2000/09/19